<?xml version="1.0" encoding="UTF-8"?>
<record
    xmlns:xsi="http://www.w3.org/2001/XMLSchema-instance"
    xsi:schemaLocation="http://www.loc.gov/MARC21/slim http://www.loc.gov/standards/marcxml/schema/MARC21slim.xsd"
    xmlns="http://www.loc.gov/MARC21/slim">

  <leader>00384nam a22001457a 4500</leader>
  <controlfield tag="005">20171010114623.0</controlfield>
  <controlfield tag="008">171010b        xxu||||| |||| 00| 0 eng d</controlfield>
  <datafield tag="040" ind1=" " ind2=" ">
    <subfield code="c">PK-LaUMT</subfield>
  </datafield>
  <datafield tag="082" ind1=" " ind2=" ">
    <subfield code="a">PKAC 297</subfield>
    <subfield code="b">QUT-T</subfield>
  </datafield>
  <datafield tag="100" ind1=" " ind2=" ">
    <subfield code="a">Qutb , Sayyid</subfield>
  </datafield>
  <datafield tag="245" ind1=" " ind2=" ">
    <subfield code="a">This religion of Islam /</subfield>
    <subfield code="c">Sayyid Qutb</subfield>
  </datafield>
  <datafield tag="260" ind1=" " ind2=" ">
    <subfield code="a">Kuwait:</subfield>
    <subfield code="b">International Islamic federation</subfield>
    <subfield code="c">1977</subfield>
  </datafield>
  <datafield tag="300" ind1=" " ind2=" ">
    <subfield code="a">104 p.</subfield>
  </datafield>
  <datafield tag="942" ind1=" " ind2=" ">
    <subfield code="c">BK</subfield>
  </datafield>
  <datafield tag="999" ind1=" " ind2=" ">
    <subfield code="c">99014</subfield>
    <subfield code="d">99014</subfield>
  </datafield>
  <datafield tag="952" ind1=" " ind2=" ">
    <subfield code="0">0</subfield>
    <subfield code="1">0</subfield>
    <subfield code="4">0</subfield>
    <subfield code="7">0</subfield>
    <subfield code="a">01</subfield>
    <subfield code="b">01</subfield>
    <subfield code="d">2017-10-10</subfield>
    <subfield code="l">0</subfield>
    <subfield code="o">PKAC 297 QUT-T</subfield>
    <subfield code="p">114847</subfield>
    <subfield code="r">2017-10-10 00:00:00</subfield>
    <subfield code="w">2017-10-10</subfield>
    <subfield code="y">BK</subfield>
  </datafield>
  <datafield tag="952" ind1=" " ind2=" ">
    <subfield code="0">0</subfield>
    <subfield code="1">0</subfield>
    <subfield code="4">0</subfield>
    <subfield code="7">0</subfield>
    <subfield code="a">01</subfield>
    <subfield code="b">01</subfield>
    <subfield code="d">2018-01-03</subfield>
    <subfield code="l">0</subfield>
    <subfield code="o">PKAC 297 QUT-T</subfield>
    <subfield code="p">117203</subfield>
    <subfield code="r">2018-01-03 00:00:00</subfield>
    <subfield code="t">C-2</subfield>
    <subfield code="w">2018-01-03</subfield>
    <subfield code="y">BK</subfield>
  </datafield>
  <datafield tag="952" ind1=" " ind2=" ">
    <subfield code="0">0</subfield>
    <subfield code="1">0</subfield>
    <subfield code="4">0</subfield>
    <subfield code="7">0</subfield>
    <subfield code="a">01</subfield>
    <subfield code="b">01</subfield>
    <subfield code="d">2018-01-03</subfield>
    <subfield code="l">0</subfield>
    <subfield code="o">PKAC 297 QUT-T</subfield>
    <subfield code="p">117202</subfield>
    <subfield code="r">2018-01-03 00:00:00</subfield>
    <subfield code="t">C-3</subfield>
    <subfield code="w">2018-01-03</subfield>
    <subfield code="y">BK</subfield>
  </datafield>
</record>
